Memoria explicativa de las modificaciones que se introducen en el presupuesto para 1914. (Record no. 111696)

MARC details
000 -LEADER
campo de control de longitud fija 00854nam a2200205 i 4500
001 - NÚMERO DE CONTROL
campo de control 111696
003 - IDENTIFICADOR DE NÚMERO DE CONTROL
campo de control ES-MaACL
005 - FECHA Y HORA DE LA ÚLTIMA TRANSACCIÓN
campo de control 20230906185338.0
007 - CAMPO FIJO DE DESCRIPCIÓN FÍSICA--INFORMACIÓN GENERAL
campo de control de longitud fija t|
008 - DATOS DE LONGITUD FIJA--INFORMACIÓN GENERAL
campo de control de longitud fija 180530s1913 sp r ||||1| spa d
245 00 - MENCIÓN DEL TÍTULO
Título Memoria explicativa de las modificaciones que se introducen en el presupuesto para 1914.
260 ## - PUBLICACIÓN, DISTRIBUCIÓN, ETC.
Lugar de publicación, distribución, etc. Madrid :
Nombre del editor, distribuidor, etc. [s.n.],
Fecha de publicación, distribución, etc. 1913 (
Fabricante Talleres del Depósito de la Guerra)
300 ## - DESCRIPCIÓN FÍSICA
Extensión 32 p. ;
Dimensiones 26 cm.
500 ## - NOTA GENERAL
Nota general Incluye: Dirección General de Prisiones: Plan de obras durante cinco años, en las prisiones a cargo del Estado (p. 19-32)
594 ## - Nota al título y mención de responsabilidad
Nota al título y mención de responsabilidad Precede al tít.: Ministerio de Gracia y Justicia. Sección 3ª.
610 04 - PUNTO DE ACCESO ADICIONAL DE MATERIA--NOMBRE DE ENTIDAD CORPORATIVA
Nombre de entidad corporativa o nombre de jurisdicción como elemento de entrada España.
Unidad subordinada Ministerio de Gracia y Justicia.
9 (RLIN) 3873
650 #4 - PUNTO DE ACCESO ADICIONAL DE MATERIA--TÉRMINO DE MATERIA
Término de materia o nombre geográfico como elemento de entrada Presupuestos-
Subdivisión geográfica España.
9 (RLIN) 152607
650 #4 - PUNTO DE ACCESO ADICIONAL DE MATERIA--TÉRMINO DE MATERIA
Término de materia o nombre geográfico como elemento de entrada Establecimientos penitenciarios-
Subdivisión geográfica España.
9 (RLIN) 145832
852 ## - LOCALIZACIÓN
Ubicación ES-MaACL
Número de control de estantería C-23756(10)
Holdings
Estatus retirado Estado de pérdida Estado de daño No para préstamo Biblioteca de origen Biblioteca actual Ubicación en estantería Fecha de adquisición Fuente de adquisición Total de préstamos Signatura topográfica completa Código de barras Visto por última vez Precio de reemplazo Tipo de ítem Koha
        Biblioteca del Ateneo de Madrid Biblioteca del Ateneo de Madrid Depósito 2 30/05/2018     C-23756(10) 1198888 23/02/2023 23/02/2023 Libro impreso